000 00755nam a22002297a 4500
999 _c15762
_d15762
003 AR-CdUCM
008 190429b ||||| |||| 00| 0 spa d
040 _aMUNICIPALIDAD PROVINCIAL DEL CUSCO
_cBIBLIOTECA MUNICIPAL DEL CUSCO
082 _aEP / 398 /
_bQ34
110 _aCODENI.
_934958
245 _aQueremos buen trato /
260 _aCusco :
_bCODENI,
_c2002.
300 _a34 páginas ;
_bilustraciones, diagramas,
_c20 cm.
650 _aAprendizaje infanril
_934959
650 _aTexto infantil
_929090
650 _aValores y derechos
_934960
700 _aPacheco, Gabriela (ilustraciones)
_934961
710 _aS.W.O. APIA - Suiza.
_934962
710 _aSave the Children - Canada.
_934963
942 _2ddc
_cLIBROS
945 _aachl
_d2019-04-29